<?xml version="1.0" encoding="UTF-8"?>
<marc:record xmlns:marc="http://www.loc.gov/MARC21/slim">
   <marc:leader>00000nam a2200000 a 4500</marc:leader>
   <marc:datafield ind1="1" ind2=" " tag="100">
      <marc:subfield code="a">Vetter, Conrad</marc:subfield>
      <marc:subfield code="4">aut</marc:subfield>
      <marc:subfield code="e">Verfasser/-in</marc:subfield>
   </marc:datafield>
   <marc:datafield ind1=" " ind2=" " tag="653">
      <marc:subfield code="a">s||Reformationsliteratur</marc:subfield>
   </marc:datafield>
   <marc:datafield ind1="0" ind2="0" tag="245">
      <marc:subfield code="a">Der Unschuldige, Demütige, Warhafftige, Christliche, Andächtige, Glaubige, Englische, Biblische, Gravitätische, Keusche, Nüchtere, Schwanische, Fridsame, Zwogestalthaffte, Beständige vnd Saubere Luther</marc:subfield>
   </marc:datafield>
   <marc:datafield ind1="0" ind2="0" tag="245">
      <marc:subfield code="b">Das ist: Helle Prob und Beweisung, wie D. M. Luther an dem grossen erbärmblichen Jam[m]er und Verwüstung unsers lieben Vatterlands Teutscher Nation, unnd so viler Seelen ewigem Verderben, unschuldig, und solche seine Unschuld, so wol am Jüngsten Tag vor d</marc:subfield>
   </marc:datafield>
   <marc:datafield ind1="0" ind2="0" tag="245">
      <marc:subfield code="c">Allen Liebhabern Göttlicher Warheit und Seeligkeit zum besten gestellt, Durch M. Conradum Andreae Jacobi Andreae seeliger Gedächtnuß, leiblichen Bruder</marc:subfield>
   </marc:datafield>
   <marc:datafield ind1=" " ind2="1" tag="264">
      <marc:subfield code="a">Münster in Westph.</marc:subfield>
      <marc:subfield code="b">Raesfeldt</marc:subfield>
      <marc:subfield code="c">1606</marc:subfield>
   </marc:datafield>
   <marc:datafield ind1="1" ind2=" " tag="520">
      <marc:subfield code="a">Erscheinungsvermerk lt. Vorlage: Gedruckt zu Münster in Westph. bey Lambert Raßfeldt/ Im Jahr/ 1606.</marc:subfield>
   </marc:datafield>
   <marc:datafield ind1=" " ind2=" " tag="041">
      <marc:subfield code="a">ger</marc:subfield>
   </marc:datafield>
   <marc:datafield ind1=" " ind2=" " tag="500">
      <marc:subfield code="a">Titelbl. in Rot- und Schwarzdr. - Bibliogr. Nachweis: VD17 12:108271H. - Conrad Andreae ist Pseud. für Conrad Vetter</marc:subfield>
   </marc:datafield>
   <marc:datafield ind1=" " ind2=" " tag="300">
      <marc:subfield code="a">[4] Bl., 540 S., [2] Bl.; 16 cm</marc:subfield>
   </marc:datafield>
</marc:record>
